Zhukovsky International Airport Destinations (Moscow, Russia) - Statistics

General Stats
  • This quiz has been taken 25 times
    6 since last reset
  • The average score is 9 of 20
Answer Stats
Airline Destination % Correct
Southwind Airlines Antalya
75%
Red Wings Airlines Batumi
75%
Red Wings Airlines Samara
75%
Red Wings Airlines Sochi
75%
Red Wings Airlines Yekaterinburg
75%
Ural Airlines Bishkek
50%
Somon Air/Ural Airlines Dushanbe
50%
Red Wings Airlines Kutaisi
50%
Red Wings Airlines Tbilisi
50%
Red Wings Airlines Eilat
25%
Ural Airlines Fergana
25%
Ural Airlines Khujand
25%
Ural Airlines Namangan
25%
Red Wings Airlines Nyagan
25%
Ural Airlines Osh
25%
Ural Airlines Qarshi
25%
Ural Airlines Samarqand
25%
Ural Airlines Tashkent
25%
Red Wings Airlines Tel Aviv
25%
Ural Airlines Urgench
25%
No matching quizzes found
Score Distribution
Percent of People with Each Score
Percentile by Number Answered
Your Score History
You have not taken this quiz since the last reset